| 000 | 00761cam a22002531 4500 | ||
|---|---|---|---|
| 999 |
_c6329 _d6329 |
||
| 001 | 6051584 | ||
| 003 | GBCCL | ||
| 005 | 20241126110600.0 | ||
| 008 | 720629s1955 njua 000 0aeng | ||
| 010 | _a 55005388 | ||
| 020 | _a0891290052 | ||
| 035 | _a(OCoLC)345209 | ||
| 040 |
_aDLC _cOKentU _dOCoLC _dDLC |
||
| 042 | _apremarc | ||
| 050 | 0 | 0 |
_aBV4935.P75 _bA32 |
| 082 |
_a920 _bPRI |
||
| 100 | 1 |
_aPrice, Eugenia _d1916 - 1996 _911339 |
|
| 245 | 1 | 4 |
_aThe burden is light: _bThe autobiography of a transformed pagan who took God at His word / _cEugenia Price |
| 260 |
_aNew York: _bPillar Books, _c1975 |
||
| 300 |
_a192 p.; _c18 cm. |
||
| 650 |
_aPrice, Eugenia _xBiography _911340 |
||
| 906 |
_a7 _bcbc _coclcrpl _du _encip _f19 _gy-gencatlg |
||
| 942 |
_2ddc _cBK |
||